| 000 | 01094cam a2200277 a 4500 | ||
|---|---|---|---|
| 001 | 2088949 | ||
| 005 | 20250416162445.0 | ||
| 008 | 951004s1996 iluab b 001 0 eng | ||
| 020 | _a0256181160 | ||
| 050 | 0 | 0 |
_aHD30.2 _b.A65 1996 |
| 082 | 0 | 0 |
_a658.4/038/011 _220 |
| 100 | 1 | _aApplegate, Lynda M. | |
| 245 | 1 | 0 |
_aCorporate information systems management : _btext and cases / _cLynda M. Applegate, F. Warren McFarlan, James L. McKenney. |
| 250 | _a4th ed. | ||
| 260 |
_aChicago : _bIrwin, _cc1996. |
||
| 300 |
_axvii, 796 p. : _bill., maps ; _c25 cm. |
||
| 500 | _aRev. ed. of: Corporate information systems management / James I. Cash, Jr., F. Warren McFarlan, James L. McKenney. 3rd ed. 1992. | ||
| 650 | 0 |
_aInformation technology _xManagement. |
|
| 650 | 0 | _aManagement information systems. | |
| 650 | 0 | _aInformation resources management. | |
| 650 | 0 |
_aInformation technology _xManagement _xCase studies. |
|
| 700 | 1 |
_aMcFarlan, F. Warren _q(Franklin Warren) |
|
| 700 | 1 | _aMcKenney, James L. | |
| 700 | 1 |
_aCash, James I. _tCorporate information systems management. |
|
| 942 |
_2lcc _cBK _n0 |
||
| 999 |
_c5491 _d5491 |
||